Les representations de l'autre dans l'espace iberique et ibero-americain : perspective synchronique : actes du colloque organise a la Sorbonne par le Grimesrep les 8,9 et 10 Mars 1990
Αποθηκεύτηκε σε:
| Συγγραφή απο Οργανισμό/Αρχή: | |
|---|---|
| Άλλοι συγγραφείς: | |
| Μορφή: | Πρακτικό Συνεδρίου Βιβλίο |
| Γλώσσα: | French |
| Δημοσίευση: |
Sorbonne :
Sorbonne Nouvelle,
1991
|
| Σειρά: | Cahiers de l'U.F.R. d'etudes iberiques et latino-americaines ;
; 8 |
| Θέματα: | |
| Ετικέτες: |
Προσθήκη ετικέτας
Δεν υπάρχουν, Καταχωρήστε ετικέτα πρώτοι!
|
MARC
| LEADER | 00000nam a2200000 i 4500 | ||
|---|---|---|---|
| 001 | 1/95806 | ||
| 008 | 970804s1991 fre d | ||
| 020 | |a 2-87854-017-4 ((hbk)) | ||
| 035 | |1 ΠΑΡ |a 1997 |l 10009881 | ||
| 040 | |a GR-MY-UA |b gre |e aacr | ||
| 041 | 0 | |a fre | |
| 082 | 0 | |a 860.9353 | |
| 245 | 1 | 4 | |a Les representations de l'autre dans l'espace iberique et ibero-americain : |b perspective synchronique : actes du colloque organise a la Sorbonne par le Grimesrep les 8,9 et 10 Mars 1990 / |c Sous la direction d'Augustin Redondo |
| 260 | |a Sorbonne : |b Sorbonne Nouvelle, |c 1991 | ||
| 300 | |a 255 p. | ||
| 490 | 1 | |a Cahiers de l'U.F.R. d'etudes iberiques et latino-americaines |v ; 8 | |
| 650 | 0 | 0 | |a Spanish literature |x History and criticism |x Congresses. |
| 650 | 0 | 0 | |a Difference (Psychology) in literature. |
| 650 | 0 | 0 | |a Latin American literature |x History |x Congresses. |
| 650 | 0 | 0 | |a Portuguese literature |x History and criticism |x Congresses. |
| 700 | 1 | |a Redondo, Augustin. |4 edt | |
| 711 | 2 | |a Grimesrep |d (1990 |c : Sorbonne) | |
| 830 | 0 | |a Cahiers de l'U.F.R. d'etudes iberiques et latino-americaines ; |v ; 8 | |
| 852 | |a INST |b LESVOS |e 19970804 |h 860.9395 REP |p 005100010877 |q 005100010877 |t BK |y 0 |z v.1 | ||
| 852 | |a INST |b LESVOS |e 19970804 |h 860.9395 REP |p 005100010877 |q 005100010877 |t BK |v v.1: |y 0 |z v.1 | ||
| 853 | |a INST |b LESVOS |h 860.9395 REP | ||
| 909 | |a Λ |b 037991 | ||
| 922 | |a 1ΕΛΗ |b 199411 |c ΜΠΕΝΒΕΝΙΣΤΕ | ||
| 950 | |a 089-1994-09-01 | ||